Category Elimination - Minecraft Mobs #1 - Statistics

General Stats
  • This quiz has been taken 350 times
  • The average score is 15 of 20
Answer Stats
Group # Category
% Correct
Green 81 Minecraft Mobs
100%
Green 34 ... Hostile
99%
Orange 16 Nether mobs
91%
Blue 16 Mobs that have clothing
90%
Orange 12 ... that are hostile
89%
Orange 6 ... larger than the player
87%
Blue 4 ... not hostile
86%
Blue 3 ... whose clothing can be different colors
86%
Blue 2 ... you can get enderpearls from
84%
Green 7 ... That don't take fall damage
82%
Purple 11 Has multiple skins textures
80%
Green 5 ... That can shoot projectiles
78%
Orange 4 ... can't attack you from far
76%
Blue 1 ... and it can break blocks Villager
71%
Purple 7 ... only found in one biome or structure
65%
Orange 1 ... and can change into another mob Hoglin
53%
Purple 3 ... larger than the player
49%
Purple 2 ... feedable
44%
Green 1 ... Which can't fly Shulker
29%
Purple 1 ... which is mainly two colors Panda
19%
No matching quizzes found
Score Distribution
Percent of People with Each Score
Percentile by Number Answered
Your Score History
You have not taken this quiz